000 00296nam a2200121Ia 4500
008 190216s9999||||xx |||||||||||||| ||und||
100 _aDr.Ram Narain Sharma
245 0 _aHindi-Bundelkhand Ki Virangnayen
260 _bSandarva Prakashan
_c2008
300 _a111
650 _aHindi
942 _cBK
999 _c16560
_d16560